EFFECTS OF N P K FERTILIZER, BOICHAR AND OTHER ORGANIC FERTILIZERS ON SOIL QUALITY AND RICE YIELD ON PRATEAH LAND SOIL GROUP ឥទ្ធិពលនៃជី N P K ជីវធ្យូងអង្កាម​ និងជីសរីរាង្គផ្សេងៗលើគុណភាពដី និងទិន្នផលស្រូវនៅលើក្រុមដីប្រទះឡាង (Record no. 23649)

000 -LEADER
fixed length control field 00782nam a22001337a 4500
040 ## - CATALOGING SOURCE
Transcribing agency RUA
082 ## - DEWEY DECIMAL CLASSIFICATION NUMBER
Classification number Ms. SOV 2021 B1.278 Or.
100 ## - MAIN ENTRY--AUTHOR NAME
Personal name SOV SINEN សូវ ស៊ីណេន
245 ## - TITLE STATEMENT
Title EFFECTS OF N P K FERTILIZER, BOICHAR AND OTHER ORGANIC FERTILIZERS ON SOIL QUALITY AND RICE YIELD ON PRATEAH LAND SOIL GROUP ឥទ្ធិពលនៃជី N P K ជីវធ្យូងអង្កាម​ និងជីសរីរាង្គផ្សេងៗលើគុណភាពដី និងទិន្នផលស្រូវនៅលើក្រុមដីប្រទះឡាង
260 ## - PUBLICATION, DISTRIBUTION, ETC. (IMPRINT)
Place of publication PHNOM PENH
Name of publisher RUA
Year of publication 2021
300 ## - PHYSICAL DESCRIPTION
Number of Pages XII. 52P
Other physical details VII.
Dimensions 29CM
856 ## - ELECTRONIC LOCATION AND ACCESS
Uniform Resource Identifier https://drive.google.com/file/d/1bR5J5SeNNvlasZG5o4_H6pg_SlJts2i7/view?usp=sharing
942 ## - ADDED ENTRY ELEMENTS (KOHA)
Koha item type MGR
952 ## - LOCATION AND ITEM INFORMATION (KOHA)
Withdrawn status [LOCAL, KOHA] 0
952 ## - LOCATION AND ITEM INFORMATION (KOHA)
Withdrawn status [LOCAL, KOHA] 0
952 ## - LOCATION AND ITEM INFORMATION (KOHA)
Withdrawn status [LOCAL, KOHA] 0
952 ## - LOCATION AND ITEM INFORMATION (KOHA)
Withdrawn status [LOCAL, KOHA] 0
Holdings
Permanent Location Date acquired Koha item type Lost status Shelving location Barcode Current Location Full call number
Library Block B2024-09-10MGR B1.278a077438Library Block BMs. SOV 2021 B1.278 Or.1
Library Block B2024-09-10MGR B1.278a077398Library Block BMs. SOV 2021 B1.278 Or.2
Library Block B2024-09-10MGR B1.278a077418Library Block BMs. SOV 2021 B1.278 Or.3
Library Block B2024-09-10MGR B1.278a077450Library Block BMs. SOV 2021 B1.278 Or.4
មជ្ឈមណ្ឌលឯការនៃសាកលវិទ្យាល័យភូមិន្ទកសិកម្មចំការដូង

Powered by Koha